Hanya dia sufi

Bibliographic Details
Main Author: Lili Norlaili (Author)
Format: Book
Language:Malay
Published: Bangi, Selangor : Jemari Seni 2011
Subjects:

MARC

LEADER 00000cam a2200000 7i4500
001 0000028794
005 20241125.0
008 200219 my a may
020 |a 9789675118647 
040 |a INS   |b eng   |e rda 
090 0 0 |a PL5186   |b L55 2011 
100 0 |a Lili Norlaili ,   |e author 
245 1 0 |a Hanya dia sufi   |c Lili Norlaili 
264 1 |a Bangi, Selangor :   |b Jemari Seni   |c 2011 
300 |a 431 pages :   |b illustrations ;   |c 19 cm. 
336 |a text  |2 rdacontent 
337 |a unmediated  |2 rdamedia 
338 |a volume  |2 rdacarrier 
650 0 |a Malay fiction 
999 |a 0000024676   |b BOOK   |c Open Shelf   |e Default branch